00335cam a22000977a 4500008004000000082000900040100002000049245010800069260005000177300001000227180718b1954 xxu||||| |||| 00| 0 eng d aX6x6 aPollitt, H.W.W. aColonial road problems: impressions from visits to East Africa and Northern Rhodesiacby H.W.W. Pollitt aLondonbHer Majesty's Stationery Officec1954 a77+p.